Taller de Caligrafía

Saved in:
Bibliografiske detaljer
Main Authors: Goffe, Gaynor (Author), Ravenscroft, Anna (Author)
Format: Bog
Sprog:spansk
Udgivet: Colonia Konemann 1999
Fag:
Tags: Tilføj Tag
Ingen Tags, Vær først til at tagge denne postø!

MARC

LEADER 00000cam a2200000 a 4500
001 UCF9072
003 CL-VaPUC
008 131018e19990000gw |||||||||||||||||spa|d
020 |a 3829032781 
082 0 4 |a 745.61  |b GOF  |2 21 
100 0 |a Goffe, Gaynor  |e author  |9 571266 
700 0 |a Ravenscroft, Anna  |e author  |9 571267 
245 1 0 |a Taller de Caligrafía 
300 |a 176 p 
942 |c BK 
945 |d 20131018 14:00:00  |a dcastane 
260 |a Colonia  |b Konemann  |c 1999 
650 7 |a CALIGRAFIA  |2 CL-VaPUC  |9 571268 
650 7 |a LETRAS ORNAMENTALES  |2 CL-VaPUC  |9 571269 
583 |a last modification  |c 20131018 14:00:00  |k Rodrigo Vera 
999 |c 353557  |d 353555 
952 |0 0  |1 0  |3 erb  |4 0  |6 745_610000000000000_GOF_1999  |7 0  |8 A  |9 458881  |a BIBARQ  |b BIBARQ  |d 2019-11-23  |i 5021332  |o 745.61 GOF 1999  |p 5021332  |r 2025-01-20  |w 2019-11-23  |y BK  |z Catalogado en:20131018  |k ARQ